000 00666nam a2200193Ia 4500
003 LDD
008 190117s9999 xx 000 0 und d
020 _a8170553156
_c₹100
040 _cLDD
041 _ahi
082 _a8h4 वि49201उ
100 _aराजकिशोर
245 0 _aविनाश को निमंत्रण
_bभारत की नयी अर्थनीति
_cराजकिशोर
260 _aनई दिल्ली
_bवाणी
_c1995
300 _a116
901 _aVANI
904 _aReqst by : विमल खांडेकर
942 _2ddc
_cH
999 _c168296
_d168296